Vineet Nayyar Learning Resource Centre

Computer vision : algorithms and applications (Record no. 18535)

MARC details
000 -LEADER
fixed length control field 00446nam a22001697a 4500
020 ## - INTERNATIONAL STANDARD BOOK NUMBER
ISBN 978-3030343743
082 ## - DEWEY DECIMAL CLASSIFICATION NUMBER
Classification number 006.37
Item number SZE
100 ## - MAIN ENTRY--AUTHOR NAME
Personal name Szeliski, Richard
245 ## - TITLE STATEMENT
Title Computer vision : algorithms and applications
250 ## - EDITION STATEMENT
Edition statement 2nd ed.
260 ## - PUBLICATION, DISTRIBUTION, ETC. (IMPRINT)
Place of publication Switzerland:
Name of publisher Springer,
Year of publication 2022.
300 ## - PHYSICAL DESCRIPTION
Number of Pages 925p.
650 ## - SUBJECT ADDED ENTRY--TOPICAL TERM
Topical Term Artificial intelligence
650 ## - SUBJECT ADDED ENTRY--TOPICAL TERM
Topical Term Computer algorithms
650 ## - SUBJECT ADDED ENTRY--TOPICAL TERM
Topical Term Image processing Mathematics
942 ## - ADDED ENTRY ELEMENTS (KOHA)
Koha item type Reference
Holdings
Collection code Home library Current library Shelving location Date acquired Source of acquisition Cost, normal purchase price Full call number Accession Number Koha item type
CSE Mahindra University VNLRC Mahindra University VNLRC General Stacks 16/01/2026 Amazon 4689.00 006.37 SZE 21126 Books